Documentos para la historia de las instituciones de León y Castilla (Record no. 57218)

MARC details
000 -LEADER
campo de control de longitud fija 01040nam a2200241 i 4500
001 - NÚMERO DE CONTROL
campo de control 57218
003 - IDENTIFICADOR DE NÚMERO DE CONTROL
campo de control ES-MaACL
005 - FECHA Y HORA DE LA ÚLTIMA TRANSACCIÓN
campo de control 20251002200913.0
007 - CAMPO FIJO DE DESCRIPCIÓN FÍSICA--INFORMACIÓN GENERAL
campo de control de longitud fija t|
008 - DATOS DE LONGITUD FIJA--INFORMACIÓN GENERAL
campo de control de longitud fija 031015s1919 sp ||||1| spa d
245 00 - MENCIÓN DEL TÍTULO
Título Documentos para la historia de las instituciones de León y Castilla
Resto del título : (siglos X-XIII) /
Mención de responsabilidad, etc. coleccionadas por Eduardo de Hinojosa.
260 ## - PUBLICACIÓN, DISTRIBUCIÓN, ETC.
Lugar de publicación, distribución, etc. Madrid :
Nombre del editor, distribuidor, etc. Junta para Ampliación de Estudios e Investigaciones Científicas, Centro de Estudios Históricos,
Fecha de publicación, distribución, etc. 1919 (
Fabricante Fortanet)
300 ## - DESCRIPCIÓN FÍSICA
Extensión 217 p. ;
Dimensiones 26 cm.
530 ## - NOTA DISPONIBLE DE FORMULARIO FÍSICO ADICIONAL
Nota de formato físico adicional disponible Disponible en formato digital.
546 ## - NOTA DE IDIOMA
Nota de lengua/lenguaje Textos en español y latín.
651 #4 - PUNTO DE ACCESO ADICIONAL DE MATERIA--NOMBRE GEOGRÁFICO
Nombre geográfico León (Reino)-
Subdivisión general Historia-
Subdivisión de forma Fuentes.
9 (RLIN) 157979
651 #4 - PUNTO DE ACCESO ADICIONAL DE MATERIA--NOMBRE GEOGRÁFICO
Nombre geográfico Castilla (Reino)-
Subdivisión general Historia-
Subdivisión de forma Fuentes.
9 (RLIN) 146746
700 1# - ENTRADA AGREGADA--NOMBRE PERSONAL
Nombre de persona Hinojosa y Naveros, Eduardo de,
Fechas asociadas al nombre 1852-1919
9 (RLIN) 125519
710 2# - ENTRADA AGREGADA--NOMBRE DE ENTIDAD CORPORATIVA
Nombre de entidad corporativa o nombre de jurisdicción como elemento de entrada Centro de Estudios Históricos.
9 (RLIN) 2648
852 ## - LOCALIZACIÓN
Ubicación ES-MaACL
Número de control de estantería B-4922
856 ## - LOCALIZACIÓN Y ACCESO ELECTRÓNICOS
Identificador Uniforme de Recursos <a href="http://bibliotecadigital.jcyl.es/es/consulta/registro.do?id=1332">http://bibliotecadigital.jcyl.es/es/consulta/registro.do?id=1332</a>
Nota pública Biblioteca Digital de Castilla y León
Holdings
Estatus retirado Estado de pérdida Estado de daño No para préstamo Colección Biblioteca de origen Biblioteca actual Ubicación en estantería Fecha de adquisición Fuente de adquisición Total de préstamos Signatura topográfica completa Código de barras Visto por última vez Precio de reemplazo Tipo de ítem Koha
        Colección digital Biblioteca del Ateneo de Madrid Biblioteca del Ateneo de Madrid Sala Pardo Bazán 17/01/2008     B-4922 1060076 23/02/2023 23/02/2023 Libro impreso